| 000 | 01705nam2a22002891 4500 | ||
|---|---|---|---|
| 001 | rc\3717689 | ||
| 005 | 20250630143639.0 | ||
| 021 |
_aRU _b[74-69549] |
||
| 035 | _a(NLR Aleph) 007860374 | ||
| 090 |
_a7798792 _c7798792 |
||
| 100 | _a20130115d1974 |||y0rusy50 ca | ||
| 101 | 0 | _arus | |
| 102 | _aRU | ||
| 105 | _aab z ||||| | ||
| 200 | 1 |
_aБиогеоценозы и их компоненты _f[Авт. Н.И. Базилевич, В.М. Курачев, Г.М. Дзюба и др.] |
|
| 210 | _d1974 | ||
| 215 |
_a307 с., 3 л. черт., карт. _cил., карт. |
||
| 320 | _aСписок лит.: с. 298-305 | ||
| 461 | 0 |
_1001rc\3717688 _12001#$aСтруктура, функционирование и эволюция системы биогеоценозов Барабы$dStructure, functioning and evolution of the Baraba biogeocenoses$fОтв. ред. д-р с.-х. наук, проф. Р.В. Ковалев$gАН СССР. Сиб. отд-ние. Ин-т почвоведения и агрохимии. Т. 1-$vТ. 1 _97798791 _cНовосибирск _d1974- _fОтв. ред. д-р с.-х. наук, проф. Р.В. Ковалев _lStructure, functioning and evolution of the Baraba biogeocenoses _nНаука. Сиб. отд-ние _tСтруктура, функционирование и эволюция системы биогеоценозов Барабы _vТ. 1 |
|
| 701 | 1 |
_aКурачев _bВ.М. |
|
| 701 | 1 |
_aДзюба _bГ.М. |
|
| 701 | 1 |
_7ca _8rus _aБазилевич _bН. И. _f1910-1997 _gНаталья Ивановна _9150620 _3RU\NLR\AUTH\770150657 |
|
| 801 | 0 |
_aRU _bNLR _gpsbo |
|
| 801 | 1 |
_aRU _bELAR _2rusmarc |
|
| 852 |
_aNLR _j74-5/2389 |
||
| 942 | _cBOOK | ||
| 980 | _aNB | ||